H.R. 3684, the "Employment Security Financing Act of 1998" : hearing before the Subcommittee on Human Resources of the Committee on Ways and Means, House of Representatives, One Hundred Fifth Congress, second session, June 23, 1998.

Bibliographic Details
Corporate Authors: United States. Congress. House. Committee on Ways and Means. Subcommittee on Human Resources, ProQuest (Firm)
Format: Government Document eBook
Language:English
Published: Washington : U.S. G.P.O. : 1999.
Series:U.S. Congressional Hearings.
Subjects:
Online Access:Connect to the full text of this electronic book

MARC

Tag First Indicator Second Indicator Subfields
LEADER 00000cam a22000001a 4500
001 in00003248113
006 m d f
007 cr bn mmmapmmp
008 091027s1999 dcuab ob f000 0 eng d
005 20260511182744.7
035 |a cis2007470187 
040 |a UMI  |c UMI  |d UtOrBLW 
043 |a n-us--- 
074 |a 1028-A 
074 |a 1028-A (online) 
074 |a 1028-B (MF) 
074 |a 1028-B (online) 
086 0 |a Y 4.W 36:105-85 
088 |a Serial no. 105-85 (United States. Congress. House. Committee on Ways and Means) 
099 |a HRG-1998-WAM-0024 
110 1 |a United States.  |b Congress.  |b House.  |b Committee on Ways and Means.  |b Subcommittee on Human Resources. 
245 1 0 |a H.R. 3684, the "Employment Security Financing Act of 1998" :  |b hearing before the Subcommittee on Human Resources of the Committee on Ways and Means, House of Representatives, One Hundred Fifth Congress, second session, June 23, 1998. 
246 3 0 |a Employment Security Financing Act of 1998 
246 3 |a HR 3684, the "Employment Security Financing Act of 1998" 
264 1 |a Washington :  |b U.S. G.P.O. :  |c 1999. 
264 2 |a Washington :  |b For sale by the U.S. G.P.O., Supt. of Docs., Congressional Sales Office, 
300 |a 1 online resource. 
336 |a text  |b txt  |2 rdacontent 
337 |a computer  |b c  |2 rdamedia 
338 |a online resource  |b cr  |2 rdacarrier 
500 |a Record is based on bibliographic data in ProQuest Congressional Hearings Digital Collection. Reuse except for individual research requires license from ProQuest, LLC. 
504 |a Includes bibliographical references. 
530 |a Also available via Internet from the GPO Access web site. Addresses as of 7/27/00: http://frwebgate.access.gpo.gov/cgi-bin/getdoc.cgi?dbname=105%5F- house%5Fhearing s&docid=f:60840.wais (text file), http://frwebgate.access.gpo.gov/cgi-bin/getdoc.cgi?dbname=105%5F- house%5Fhearing s&docid=f:60840.pdf (PDF file); current access is available via PURLs. 
538 |a System requirements: PDF reader software. 
500 |a Electronic resource. 
650 0 |a Unemployment insurance  |x Finance  |x Law and legislation  |z United States. 
655 7 |a Electronic books.  |2 local 
710 2 |a ProQuest (Firm) 
776 0 8 |i Print version:  |a United States. Congress. House. Committee on Ways and Means. Subcommittee on Human Resources.  |t H.R. 3684, the "Employment Security Financing Act of 1998"  |w (GPO)apn2000-008285  |w (DGPO)99056198  |w (OCoLC)43440276 
776 0 8 |i Microfiche version:  |a United States. Congress. House. Committee on Ways and Means. Subcommittee on Human Resources.  |t H.R. 3684, the "Employment Security Financing Act of 1998".  |d [Bethesda, Md.] : ProQuest,[2004]  |o CIS 99 H781-83  |w (ProQuest)cis09901568 
830 0 |a U.S. Congressional Hearings. 
856 4 0 |u http://proxy.library.tamu.edu/login?url=https://congressional.proquest.com/congcomp/getdoc?HEARING-ID=HRG-1998-WAM-0024  |z Connect to the full text of this electronic book  |t 0 
998 |a cis09901568 
999 |a MARS 
999 f f |s 55a40a44-d6be-3c8a-b47d-574c6915cf4c  |i 5f8606c9-876c-39be-aa32-dd2e6e92cb64  |t 0 
952 f f |a Texas A&M University  |b College Station  |c Electronic Resources  |s www_evans  |d Available Online  |t 0  |e HRG-1998-WAM-0024  |h Other scheme 
998 f f |a HRG-1998-WAM-0024  |t 0  |l Available Online